000 00496nam a22001577a 4500
005 20251108172158.0
008 250721s1988 xx 000 0 ara d
082 1 4 _a740/بدر
100 1 _aالقطامي، بدر جاسم
245 1 0 _aالفنات التشكيلي بدر جاسم القطامي 1988 /
264 1 _aالكويت :
_bشركة الربيعان للنشر و التوزيع،
_c1988.
300 _a50ص : مص
650 1 7 _aالرسم
942 _2ddc
_cBK
999 _c72426
_d72426